Los egresados en Administracin̤ brechas salariales y desarrollo profesional /

Bibliographic Details
Main Author: Da̕z Matajira, Luis
Format: eBook
Language:Spanish
Published: Bogot:̀ Universidad de Los Andes (Colombia), 2020
Subjects:
Online Access:Acceso restringido

MARC

LEADER 00000nam a22000007a 4500
005 20200721234512.0
007 cr|||| ||||
008 200721s2020 co |||||s|||| 00||0 spa d
020 |a 978-958-774-997-7 
035 |a 31855 
040 |a vLex 
090 |c 10673  |d 10673 
100 1 |a Da̕z Matajira, Luis 
245 1 3 |a Los egresados en Administracin̤  |h [Recurso electrn̤ico] :  |b brechas salariales y desarrollo profesional /  |c Luis Da̕z Matajira 
256 |a Servicio en ln̕ea 
260 |a Bogot:̀  |b Universidad de Los Andes (Colombia),  |c 2020 
300 |a 1 recurso electrn̤ico 
506 1 |a Disponible solo en los productos indicados  |d vLex Global  |d vLex Global (Academic Edition, excluding Law Schools)  |d vLex Global (U.S. Academic Edition, Law Schools)  |d vLex Global (U.S. Academic Edition, excluding Law Schools)  |d vLex Global (Academic Edition, Law Schools) 
650 0 4 |a Derecho Pb︢lico y Administrativo  |z Colombia 
740 0 |a vLex Libros (Servicio en ln̕ea) 
856 4 0 |u http://vlex.com/source/egresados-administracion-brechas-salariales-desarrollo-profesional-31855  |z Acceso restringido 
942 |c BOOK 
999 0 |a Public and Administrative Law